Garzanti i dizionari medi spagnolo: spagnolo - italiano, italiano - spagnolo
Gardado en:
| Formato: | Libro |
|---|---|
| Idioma: | Undetermined |
| Publicado: |
Trento, Italia
Garzanti Linguistica
2007
|
| Materias: | |
| Etiquetas: |
Engadir etiqueta
Sen Etiquetas, Sexa o primeiro en etiquetar este rexistro!
|
MARC
| LEADER | 00000nam a2200000Ia 4500 | ||
|---|---|---|---|
| 008 | 170316s9999 xx 000 0 und d | ||
| 040 | |a cru BVZT | ||
| 090 | |a R-413 G-1g ITA-ESP | ||
| 245 | |a Garzanti i dizionari medi spagnolo: spagnolo - italiano, italiano - spagnolo | ||
| 260 | |a Trento, Italia | ||
| 260 | |b Garzanti Linguistica | ||
| 260 | |c 2007 | ||
| 300 | |a xiv, 1660 páginas | ||
| 500 | |a En la tapa: In collaborazione con Santillana | ||
| 505 | |a Contiene: Guía de consulta Criterios generales Abreviaturas Símbolos fonéticos Siglas y abreviaturas Nombres geográficos Verbos españoles Verbos italianos | ||
| 650 | |a REFERENCIA |9 27 | ||
| 650 | 0 | |a ITALIANO-ESPAÑOL |9 29 | |
| 650 | 0 | |a ESPAÑOL-ITALIANO |9 39 | |
| 650 | 0 | |a DICCIONARIO |9 28 | |
| 942 | |c REF |2 z |j REF | ||
| 999 | |c 15055 |d 15055 | ||
